| 000 | 00564nam a2200229Ia 4500 | ||
|---|---|---|---|
| 003 | OSt | ||
| 005 | 20220324094501.0 | ||
| 008 | 210210b1956 xxu||||| |||| 00| 0 eng d | ||
| 040 |
_aAL _c |
||
| 041 | _aeng | ||
| 082 | _a822/597 | ||
| 100 |
_aJAMES (Eirian) Ed _925643 |
||
| 245 | _aAnthology of english prose | ||
| 260 |
_aCambridge _bAt the University Press _c1956 |
||
| 650 |
_aprose _925644 |
||
| 650 |
_aof _925645 |
||
| 650 |
_aenglish _925646 |
||
| 650 |
_aAnthology _925647 |
||
| 690 |
_aEnglish Prose _925648 |
||
| 906 | _a012783 | ||
| 942 |
_2ddc _cBK |
||
| 999 |
_c131596 _d131596 |
||